Vplyv kvalitatívnych faktorov na konkurencieschopnosť slovenských podnikov
Sumarizácia hlavných zistení analýzy faktorov konkurencieschopnosti v nedávno prezentovanéj výskumnej štúdii NBS. Kvantitatívne overenie vplyvu viacerých prieskumov identifikovaných vnútropodnikových, odvetvových a makroúrovňových faktorov na konkurencieschopnosť slovenských podnikov. Odhady potvrd...
Guardado en:
| Autor principal: | |
|---|---|
| Formato: | Capítulo de libro |
| Lenguaje: | eslovaco |
| Materias: | |
| Etiquetas: |
Sin Etiquetas, Sea el primero en etiquetar este registro!
|
MARC
| LEADER | 00000naa a2200000 4500 | ||
|---|---|---|---|
| 001 | 0185130 | ||
| 005 | 20221020084556.8 | ||
| 041 | 0 | |a slo | |
| 044 | |a SK | ||
| 245 | 1 | 0 | |a Vplyv kvalitatívnych faktorov na konkurencieschopnosť slovenských podnikov |c Tibor Lalinský |
| 520 | |a Sumarizácia hlavných zistení analýzy faktorov konkurencieschopnosti v nedávno prezentovanéj výskumnej štúdii NBS. Kvantitatívne overenie vplyvu viacerých prieskumov identifikovaných vnútropodnikových, odvetvových a makroúrovňových faktorov na konkurencieschopnosť slovenských podnikov. Odhady potvrdzujú štatisticky významný efekt väčšiny skúmaných faktorov. Závery naznačujú dominanciu makroúrovňových kvalitatívnych faktorov. | ||
| 610 | 2 | 0 | |a kríza hospodárska |
| 610 | 2 | 0 | |a Slovensko |
| 610 | 2 | 0 | |a podnik |
| 610 | 2 | 0 | |a konkurencieschopnosť |
| 610 | 2 | 0 | |a analýza regresná |
| 100 | 1 | |a Lalinský, Tibor | |